01326nam a2200313 a 4500008004100000020001500041050001600056100002900072245007700101246006000178260004400238300001600282350000900298500009200307650002700399650002600426650002100452650002100473650002500494650001300519650002500532650001600557856006800573856006800641856005900709995009600768999001700864952013100881120416s2005 ||||||||||||||||| || u a0470022159 aHD 6955 Ess aHolman, David (David J.)14aThe essentials of the new workplacecedited by David Holman [and others] aa guide to the human impact of modern working practices aWest SussexbJohn Wiley and Sonsc2005. axii, 255 p. a0.00 aRev. ed. of: The new workplace. 2003. -Includes bibliographical references and indexes. 0aPSYCHOLOGY--INDUSTRIAL aHuman-machine systems aWORK ENVIRONMENT 0aJOB SATISFACTION 0aQUALITY OF WORK LIFE aINDUSTRY 0aINDUSTRIAL RELATIONS aWORK DESIGN uhttp://www.loc.gov/catdir/enhancements/fy0616/2004016048-d.html uhttp://www.loc.gov/catdir/enhancements/fy0616/2004016048-b.html uhttp://www.loc.gov/catdir/toc/ecip0420/2004016048.html D0.00FCBU-MAIN LIBRARY (Kitwe)H1I17.50M1UAVAILABLEZMain Library Open Access Collection c42474d42474 00102lcc4070a001b001cMain Library Open Access Collectiond2022-11-30l0oHD 6955 Essp40003r2022-11-30w2022-11-30y002